The man of the world : a comedy, in five acts. As performed at the Theatres-Royal of Covent-Garden and Smock-Alley. Written by C- M-, Esq.

Bibliographic Details
Main Author: Macklin, Charles, approximately 1697-1797
Format: eBook
Language:English
Series:Eighteenth century collections online.
Online Access:Full text online

MARC

Tag First Indicator Second Indicator Subfields
LEADER 00000cam a2200000 4500
001 in00001925176
006 m | d |
007 cr |n||||||||n
008 791208s1786 ie |||| s 00||||eng d
005 20260407205842.9
035 |a (CStRLIN)ESTCT71794 
040 |a Uk-ES  |c Uk-ES  |d CStRLIN  |d Thomson Gale  |d UtOrBLW 
100 1 |a Macklin, Charles,  |d approximately 1697-1797. 
245 1 4 |a The man of the world :  |b a comedy, in five acts. As performed at the Theatres-Royal of Covent-Garden and Smock-Alley. Written by C- M-, Esq. 
264 3 |a Dublin :  |b printed in the year,  |c 1786. 
300 |a 72p. ;  |c 12⁰. 
336 |a text  |b txt  |2 rdacontent 
337 |a computer  |b c  |2 rdamedia 
338 |a online resource  |b cr  |2 rdacarrier 
500 |a C- M- = Charles Macklin. 
500 |a Reproduction of original from the British Library. 
510 4 |a English Short Title Catalog,  |c ESTCT71794. 
533 |a Electronic reproduction.  |b Farmington Hills, Mich. :  |c Thomson Gale,  |d 2003.  |n Available via the World Wide Web.  |n Access limited by licensing agreements  |7 s2003 miunns 
500 |a Electronic resource. 
830 0 |a Eighteenth century collections online. 
856 4 0 |u http://proxy.library.tamu.edu/login?url=https://galenet.galegroup.com/servlet/ECCO?c=1&stp=Author&ste=11&af=BN&ae=T071794&tiPG=1&dd=0&dc=flc&docNum=CW112883672&vrsn=1.0&srchtp=a&d4=0.33&n=10&SU=0LRK&locID=txshracd2898  |z Full text online  |t 0 
999 |a MARS 
999 f f |s 704bbf22-cd7a-351b-b857-e77d6b307f6d  |i 58c6f62c-8614-36d6-926f-d107df52fa4e  |t 0 
952 f f |a Texas A&M University  |b College Station  |c Electronic Resources  |s www_evans  |d Available Online  |t 0  |h No information provided 
998 f f |t 0  |l Available Online